Mass privatization in central and eastern Europe and the former soviet union : A comparative analysis /

Guardado en:
Detalles Bibliográficos
Otros Autores: Lieberman, Ira W. (Compilador)
Formato: Libro
Lenguaje:inglés
Publicado: Washington : The World Bank, 1995
Edición:1.vyd.
Materias:
Etiquetas: Agregar Etiqueta
Sin Etiquetas, Sea el primero en etiquetar este registro!

MARC

LEADER 00000nam a22000003a 4500
001 stu9355
005 20150617225806.9
008 970103s1995----xxu-----------------eng-d
020 |a 0-8213-3199-X 
040 |a STU  |b slo 
041 0 |a eng 
044 |a xxu 
080 |a 338.246 
080 |a 338.242 
100 1 |a Lieberman, Ira W.  |4 com 
245 1 |a Mass privatization in central and eastern Europe and the former soviet union :  |b A comparative analysis /  |c Edit. Lieberman,Ira W. a i 
250 |a 1.vyd. 
260 |a Washington :  |b The World Bank,  |c 1995 
300 |a 92 s 
650 7 |a prestavba ekonomiky  |2 stusub 
650 7 |a privatizácia  |2 stusub 
996 |b E81020  |c R*81020  |l RRUM  |s A  |a 24  |w stu9355_0001